000 00853nam a22002417a 4500
005 20100813120038.0
008 081119t xxu||||| |||| 00| 0 ur d
010 _aUR-7703
020 _c400.00
035 _aU-6258
040 _aDPL
_bUR
082 _aک
100 _aفاروقی، معزالدین احمد
_911327
245 _a یک بابی ڈرامے /
_cمعزالدین احمد فاروقی
246 _aEk Babi Dramey /
_bby Moizuddin Ahmad Farooqui
260 _aمعزالدین احمد فاروقی
_c2008
270 _aMoizuddin Ahmad Farooqui
300 _a1044 ص
_c22 س م (Pbk)
650 _aتاریخ
_911328
650 _aIndian history
_911329
942 _2ddc
_cUR
_hک
_mم ع ز
999 _c41541
_d41541